|
|
|
|
| LEADER |
00881nam a22002652a 4500 |
| 001 |
001384461 |
| 003 |
CZ BrMZK |
| 005 |
20140502102012.0 |
| 007 |
ta |
| 008 |
140502s1962 xo a er|||||||||||slo d |
| 040 |
|
|
|a BOA001
|b cze
|
| 041 |
1 |
|
|a slo
|h rus
|
| 100 |
1 |
|
|a Aksenov, Vasilij Pavlovič,
|d 1932-2009
|7 jn19990210024
|4 aut
|
| 245 |
1 |
0 |
|a Kolegovia /
|c Vasilij Aksionov ; z ruského originálu ... preložil Felix Uváček ; doslov Ivan Králik ; ilustroval Jozef Šturdík
|
| 250 |
|
|
|a 1. vyd.
|
| 260 |
|
|
|a Bratislava :
|b Smena,
|c 1962
|
| 300 |
|
|
|a 248 s.
|
| 490 |
1 |
|
|a Máj ;
|v zv. 4
|
| 700 |
1 |
|
|a Šturdík, Jozef,
|d 1920-1992
|7 ola2003193720
|4 ill
|
| 765 |
0 |
|
|t Kollegi
|9 Slovensky
|
| 830 |
|
0 |
|a Máj (Smena)
|0 s
|
| 910 |
|
|
|a BOA001
|b 2-0470.601
|
| 990 |
|
|
|a BK
|
| 991 |
|
|
|b 201403
|
| 996 |
7 |
|
|b 2619066385
|c 2-0470.601
|l MZK
|r Sklad / do 24 hodin
|n 0
|w 001419297
|u 000010
|a 1
|e BOA001
|j MZK50
|s A
|